| 000 | 00558nam a2200205Ia 4500 | ||
|---|---|---|---|
| 008 | 131103s9999 xx 000 0 und d | ||
| 020 |
_a81 243 0286 3 _cRs.80 |
||
| 040 | _aLoreto College | ||
| 041 | _aEnglish | ||
| 082 |
_aREF/SCI/CR/FOR _bLCBED/11999 |
||
| 100 | _aFord, Harry | ||
| 245 |
_aSpace and spaceflight _cHarry Ford & Kay Barnham |
||
| 260 |
_aBombay _bNavneet _c1994 |
||
| 300 |
_a32p. _b ill. _c 25cm. |
||
| 440 | _a100 Questions and answers | ||
| 650 | _aREF | ||
| 700 | _aBarnham, Kay | ||
| 850 | _aLCBED/REF/SCI/CR/FOR | ||
| 942 | _cBK | ||
| 999 |
_c34582 _d85061 |
||